Avengers Endgame Character Quiz - Statistics

General Stats
  • This quiz has been taken 1,743 times
  • The average score is 41 of 64
Answer Stats
Hint Answer % Correct
Defeated Thanos Iron Man
99%
King of New Asgard Thor Odinson
99%
Lives a life with Peggy Captain America
97%
Sacrifice for the Soul Stone Black Widow
96%
Was stuck in the Quantum Realm Ant Man
94%
Web-slinger Spider-Man
94%
King of Wakanda Black Panther
93%
Thanos’ daughter Gamora
93%
Raccoon Rocket
93%
Tree Groot
92%
Sorcerer Supreme Doctor Strange
91%
Leader of the Guardians Star Lord
91%
Teleported away with the Tesseract Loki
89%
Gamora’s sister Nebula
89%
Hawkeye’s new name Ronin
89%
Steve’s best friend Winter Soldier
89%
‘On your left’ Falcon
86%
Spider-Man’s aunt May Parker
85%
Iron Man’s best friend War Machine
85%
Thanos doesn’t even know who she is Scarlet Witch
84%
Scott’s partner Wasp
84%
Tony’s dad Howard Stark
83%
Is popular with children Hulk
83%
Has antennas Mantis
81%
Ex-leader of SHIELD Nick Fury
81%
Danced with Steve Peggy Carter
81%
‘The Destroyer’ Drax
79%
Head of Stark Industries Pepper Potts
79%
Creator of Pym Particles Hank Pym
76%
Thor’s ex-girlfriend Jane Foster
76%
Wakandan inventor Shuri
74%
Queen of New Asgard Valkyrie
74%
Fury’s partner Maria Hill
71%
Helps teleport everyone Wong
70%
Was playing Fortnite Korg
69%
Guarding the Soul Stone Red Skull
69%
Dies twice Thanos
69%
Gets a new haircut Captain Marvel
65%
Works at Stark Industries Happy Hogan
62%
Tony’s daughter Morgan Stark
60%
Head of the Dora Milaje Okoye
51%
Howard’s butler Jarvis
48%
Sorcerer Supreme Ancient One
44%
Magical member of the Black Order Ebony Maw
44%
Thor’s mum Frigga
44%
Scott’s daughter Cassie Lang
43%
Leader of the Jabari tribe M’Baku
42%
The original Wasp Janet Van Dyne
41%
Member of the Black Order Proxima Midnight
39%
Clint’s wife Laura Barton
38%
Approves the Sokovia accords Thaddeus Ross
37%
Man in the chair Ned Leeds
34%
Big member of the Black Order Cull Obsidian
32%
Member of the Black Order Corvus Glaive
30%
Korg’s friend Miek
30%
Clint’s youngest child Nathaniel Barton
28%
HYDRA agent Brock Rumlow
24%
Kid at Tony’s funeral Harley Keener
24%
Clint’s oldest child Lila Barton
24%
T’Challa and Shuri’s mum Ramonda
22%
Clint’s middle child Cooper Barton
19%
Head of the Security Council Alexander Pierce
15%
HYDRA technichian Jasper Sitwell
13%
Person Ronin was fighting Akihiko
5%
No matching quizzes found
Score Distribution
Percent of People with Each Score
Percentile by Number Answered
Your Score History
You have not taken this quiz